[Event "Mecklenburg VP Verbandsliga 2122"]
[Site "Mecklenburg VP"]
[Date "2022.05.01"]
[Round "9.1"]
[White "Schmidt, Peter2222"]
[Black "Busch, Martin"]
[Result "1/2-1/2"]
[WhiteElo "2109"]
[BlackElo "2117"]
[PlyCount "80"]
[EventDate "2021.10.24"]
[EventType "team-tourn"]
[EventRounds "9"]
[EventCountry "GER"]
[SourceTitle "EXT 2024"]
[Source "ChessBase"]
[SourceDate "2023.10.10"]
[SourceVersion "1"]
[SourceVersionDate "2023.10.10"]
[SourceQuality "1"]
[WhiteTeam "Rostock SSC 07"]
[BlackTeam "Think Rochade"]
[WhiteTeamCountry "GER"]
[BlackTeamCountry "GER"]

1. Nf3 Nf6 2. b3 d5 3. e3 g6 4. Bb2 Bg7 5. c4 c6 6. Be2 0-0 7. 0-0 Re8 8. Na3 Bg4 9. h3 Bxf3 10. Bxf3 e5 11. b4 a5 12. b5 dxc4 13. bxc6 Nxc6 14. Bxc6 bxc6 15. Nxc4 Nd5 16. d4 e4 17. Qa4 Re6 18. Rac1 Qb8 19. Ba1 Qb4 20. Qc2 Qe7 21. Rb1 c5 22. Rb5 Nb4 23. Qa4 cxd4 24. exd4 Rc8 25. d5 Ra6 26. d6 Rxd6 27. Nxd6 Qxd6 28. Bxg7 Kxg7 29. Qxa5 Nd3 30. Rb7 Qf6 31. Qa7 Rc2 32. Rc7 Re2 33. Rc4 Qg5 34. Qd4+ Kh6 35. a4 Nf4 36. g3 Nxh3+ 37. Kh2 Qh5 38. Kg2 Nf4+ 39. gxf4 Qg4+ 40. Kh2 Qh4+ 1/2-1/2

[Event "Mecklenburg VP Landesliga West 1920"]
[Site "Mecklenburg VP"]
[Date "2019.09.29"]
[Round "1.1"]
[White "Schreiber, Kevin"]
[Black "Busch, Martin"]
[Result "1-0"]
[WhiteElo "2017"]
[BlackElo "2117"]
[PlyCount "159"]
[EventDate "2019.09.29"]
[EventType "team-tourn"]
[EventRounds "9"]
[EventCountry "GER"]
[SourceTitle "EXT 2023"]
[Source "ChessBase"]
[SourceDate "2022.10.05"]
[SourceVersion "1"]
[SourceVersionDate "2022.10.05"]
[SourceQuality "1"]
[WhiteTeam "Mecklenburger Springer SC"]
[BlackTeam "Think Rochade"]
[WhiteTeamCountry "GER"]
[BlackTeamCountry "GER"]

1. c4 e6 2. g3 d5 3. Bg2 Nf6 4. Nf3 dxc4 5. Qa4+ Nbd7 6. Qxc4 a6 7. d3 b5 8. Qc6 Rb8 9. Bf4 Bb4+ 10. Nbd2 Bb7 11. Qxc7 Qxc7 12. Bxc7 Rc8 13. Bf4 Rc2 14. 0-0 Rxb2 15. Rab1 Rxb1 16. Rxb1 Nd5 17. Nd4 Bc3 18. N4b3 Nxf4 19. Bxb7 Nxe2+ 20. Kf1 Nd4 21. Nxd4 Bxd4 22. Bxa6 0-0 23. Bxb5 Nf6 24. Rc1 h5 25. Nb3 Bb2 26. Rc2 Ba3 27. Nd2 Rb8 28. Bc6 Kf8 29. Nc4 Rb1+ 30. Ke2 Bb4 31. a3 Re1+ 32. Kf3 Bc5 33. a4 Ng4 34. h3 Ne5+ 35. Nxe5 Rxe5 36. a5 Bb4 37. a6 Ra5 38. Bb7 Ke8 39. Rc7 g6 40. Bc6+ Kd8 41. Rd7+ Kc8 42. Rxf7 Bc5 43. Bb7+ Kb8 44. Rd7 Ra4 45. Rd8+ Ka7 46. Ra8+ Kb6 47. Re8 g5 48. Rxe6+ Ka7 49. Bd5 Rb4 50. Kg2 Rb2 51. Rf6 Bd4 52. Rf5 Kxa6 53. h4 gxh4 54. gxh4 Kb6 55. Bf7 Rd2 56. Rf3 Kc7 57. Bxh5 Kd6 58. Bg6 Bg7 59. Be4 Ke5 60. Kh3 Bh6 61. Kg4 Rd1 62. Kh5 Bf4 63. Rh3 Rf1 64. Rf3 Rg1 65. Bg6 Rd1 66. Bh7 Rd2 67. Kg4 Bh6 68. Rf5+ Kd4 69. Kh5 Bg7 70. Rf7 Be5 71. f4 Bd6 72. Be4 Ke3 73. f5 Rh2 74. Rg7 Be5 75. Rg2 Rxg2 76. Bxg2 Kxd3 77. Kg6 Ke3 78. f6 Kf4 79. f7 Bd6 80. h5 1-0

[Event "Muensterland Verbandsklasse-A 1011"]
[Site "Germany"]
[Date "2010.09.18"]
[Round "1.1"]
[White "Bueckers, Bernhard"]
[Black "Busch, Martin"]
[Result "0-1"]
[WhiteElo "1752"]
[BlackElo "1981"]
[PlyCount "64"]
[EventDate "2010.09.18"]
[EventType "team-tourn"]
[EventRounds "9"]
[EventCountry "GER"]
[SourceTitle "EXT 2012"]
[Source "ChessBase"]
[SourceDate "2011.11.24"]
[SourceVersion "1"]
[SourceVersionDate "2011.11.24"]
[SourceQuality "1"]
[WhiteTeam "Metelen"]
[BlackTeam "Muenster SK III"]
[WhiteTeamCountry "GER"]
[BlackTeamCountry "GER"]

1. c4 c6 2. Nc3 d5 3. d4 Nf6 4. cxd5 cxd5 5. Nf3 Nc6 6. Bg5 Ne4 7. Bd2 Bf5 8. e3 e6 9. a3 Bd6 10. Be2 Rc8 11. Rc1 0-0 12. 0-0 Bb8 13. b4 Qf6 14. Ne1 Ne7 15. f4 h6 16. Nf3 Nxc3 17. Rxc3 Rxc3 18. Bxc3 Nc8 19. Bd3 Nd6 20. Ne5 Rc8 21. Qd2 Bxd3 22. Qxd3 Ne4 23. Rc1 Qh4 24. g3 Qh5 25. Bb2 Rxc1+ 26. Bxc1 Bxe5 27. dxe5 Qf3 28. Qf1 Qg4 29. Kg2 h5 30. Qf3 Qf5 31. h3 Nc3 32. Bb2 Qc2+ 0-1

[Event "Muensterland Verbandsliga 0809"]
[Site "Germany"]
[Date "2008.11.15"]
[Round "3.5"]
[White "Sparwel, Oliver"]
[Black "Busch, Martin"]
[Result "1/2-1/2"]
[WhiteElo "1910"]
[BlackElo "2114"]
[PlyCount "105"]
[EventDate "2008.09.20"]
[EventType "team-tourn"]
[EventRounds "9"]
[EventCountry "GER"]
[SourceTitle "EXT 2010"]
[Source "ChessBase"]
[SourceDate "2010.11.25"]
[SourceVersion "1"]
[SourceVersionDate "2010.11.25"]
[SourceQuality "1"]
[WhiteTeam "Suedlohn"]
[BlackTeam "Muenster SK II"]
[WhiteTeamCountry "GER"]
[BlackTeamCountry "GER"]

1. e4 e5 2. Nf3 Nc6 3. Bc4 Bc5 4. 0-0 d6 5. d3 Nf6 6. a4 a6 7. c3 Ba7 8. h3 h6 9. Be3 Bxe3 10. fxe3 0-0 11. Nbd2 d5 12. exd5 Nxd5 13. Bxd5 Qxd5 14. d4 exd4 15. exd4 Re8 16. Re1 Bf5 17. Qb3 Qxb3 18. Nxb3 Rad8 19. Nc5 Bc8 20. Kf2 b6 21. Nd3 f6 22. Nf4 Kf7 23. Rxe8 Kxe8 24. Ke3 Kf7 25. c4 a5 26. Rc1 Re8+ 27. Kd2 Re4 28. Nd5 Nxd4 29. Kd3 Nb3 30. Kxe4 Nxc1 31. Nxc7 Nb3 32. Kd5 Bb7+ 33. Kd6 Nc5 34. Nd5 Nxa4 35. Kc7 Nxb2 36. Kxb7 Nxc4 37. Nxb6 Nxb6 38. Kxb6 a4 39. Nd2 Ke6 40. Kc5 Ke5 41. Kb4 Kf4 42. Nf1 Ke4 43. Kxa4 Kd3 44. Kb4 Ke2 45. Ng3+ Kf2 46. Nf5 Kxg2 47. h4 Kh3 48. h5 Kg4 49. Nxg7 f5 50. Kc3 Kg5 51. Kd4 Kf6 52. Ne8+ Kg5 53. Ke5 1/2-1/2

[Event "Muensterland Verbandsklasse-A 0708"]
[Site "Germany"]
[Date "2008.03.08"]
[Round "7.1"]
[White "Busch, Martin"]
[Black "Wilger, Frank"]
[Result "1-0"]
[WhiteElo "2029"]
[BlackElo "2051"]
[PlyCount "81"]
[EventDate "2007.09.22"]
[EventType "team"]
[EventRounds "9"]
[EventCountry "GER"]
[SourceTitle "EXT 2009"]
[Source "ChessBase"]
[SourceDate "2008.11.26"]
[SourceVersion "1"]
[SourceVersionDate "2008.11.26"]
[SourceQuality "1"]
[WhiteTeam "Muenster SK III"]
[BlackTeam "Raesfeld Erle"]
[WhiteTeamCountry "GER"]
[BlackTeamCountry "GER"]

1. c4 c6 2. Nf3 d5 3. e3 Bg4 4. Qb3 Qb6 5. d4 Qxb3 6. axb3 Bxf3 7. gxf3 e6 8. f4 h5 9. c5 Nh6 10. Nd2 Be7 11. b4 Ng4 12. h3 Nh6 13. Nb3 Bd8 14. Bd2 Nd7 15. b5 cxb5 16. Bxb5 Bc7 17. c6 bxc6 18. Bxc6 0-0-0 19. Rxa7 Nb8 20. Bb7+ Kd7 21. Nc5+ Ke8 22. Bb4 Nf5 23. Ke2 Bb6 24. Raa1 Nd6 25. Ba8 Rh6 26. Rhg1 Nf5 27. Bb7 Bc7 28. Rac1 Bd6 29. Ba5 Bxc5 30. dxc5 e5 31. Bxd8 Kxd8 32. Rg5 g6 33. fxe5 Ne7 34. Bxd5 Nxd5 35. Rd1 Kc7 36. Rxd5 Rh8 37. b4 Kc6 38. Rd6+ Kb5 39. e6 fxe6 40. c6+ Kb6 41. Rc5 1-0

[Event "Muensterland Verbandsklasse-B 0607"]
[Site "Germany"]
[Date "2007.03.24"]
[Round "7.1"]
[White "Busch, Martin"]
[Black "Graelken, Matthias"]
[Result "1-0"]
[WhiteElo "2016"]
[BlackElo "1981"]
[PlyCount "77"]
[EventDate "2006.09.23"]
[EventType "team"]
[EventRounds "9"]
[EventCountry "GER"]
[SourceTitle "EXT 2008"]
[Source "ChessBase"]
[SourceDate "2007.11.25"]
[SourceVersion "1"]
[SourceVersionDate "2007.11.25"]
[SourceQuality "1"]
[WhiteTeam "Muenster SK III"]
[BlackTeam "Steinfurt"]
[WhiteTeamCountry "GER"]
[BlackTeamCountry "GER"]

1. d4 Nf6 2. Bg5 Ne4 3. Bf4 c5 4. f3 Qa5+ 5. c3 Nf6 6. d5 Qb6 7. Bc1 d6 8. e4 e5 9. Nd2 Be7 10. Nc4 Qd8 11. a4 0-0 12. Bd3 Ne8 13. Ne2 Nd7 14. f4 exf4 15. Bxf4 Nb6 16. Ne3 Bf6 17. 0-0 Be5 18. Bxe5 dxe5 19. a5 Nd7 20. a6 b6 21. Bb5 Nd6 22. Bc6 Rb8 23. Ng3 Nf6 24. Qf3 Bd7 25. Rae1 Nfe8 26. Bxd7 Qxd7 27. Ng4 Qe7 28. Rf2 f6 29. Nh5 Qf7 30. Qh3 Qg6 31. Qh4 Nc7 32. Re3 Kh8 33. Rg3 Qxe4 34. Nxg7 f5 35. Qe7 Rf7 36. Qxd6 Rxg7 37. Nxe5 Qxd5 38. Qf6 Rbg8 39. Ng6+ 1-0

[Event "Muensterland Verbandsliga 0506"]
[Site "Germany"]
[Date "2006.02.18"]
[Round "7.8"]
[White "Hiller, Simon"]
[Black "Busch, Martin"]
[Result "0-1"]
[WhiteElo "1958"]
[BlackElo "2114"]
[PlyCount "68"]
[EventDate "2005.08.27"]
[EventType "team"]
[EventRounds "9"]
[EventCountry "GER"]
[SourceTitle "EXT 2006"]
[Source "ChessBase"]
[SourceDate "2005.11.24"]
[SourceVersion "1"]
[SourceVersionDate "2005.11.24"]
[SourceQuality "1"]
[WhiteTeam "Saerbeck"]
[BlackTeam "Muenster II"]
[WhiteTeamCountry "GER"]
[BlackTeamCountry "GER"]

1. e4 c5 2. Nf3 e6 3. d3 Nc6 4. g3 g6 5. Bg2 Bg7 6. 0-0 Nge7 7. c3 d5 8. Qe2 0-0 9. e5 b6 10. Re1 a5 11. Bf4 h6 12. h4 Ba6 13. Nbd2 Qd7 14. Nf1 Rfb8 15. Qd2 Kh7 16. N1h2 b5 17. Ng4 Ng8 18. Nf6+ Nxf6 19. exf6 Bxf6 20. Bxb8 Rxb8 21. Nh2 Bg7 22. Ng4 h5 23. Nh2 b4 24. f4 a4 25. Nf3 Qc7 26. Rab1 a3 27. cxb4 axb2 28. Ng5+ Kg8 29. bxc5 Nb4 30. d4 Bd3 31. a3 Bxb1 32. Rxb1 Nc6 33. Nf3 Nxd4 34. Ne5 Qxc5 0-1

[Event "Muensterland Verbandsliga 0506"]
[Site "Germany"]
[Date "2005.11.12"]
[Round "4.8"]
[White "Busch, Martin"]
[Black "Binger, Friedhelm"]
[Result "1-0"]
[WhiteElo "2114"]
[BlackElo "1818"]
[PlyCount "80"]
[EventDate "2005.08.27"]
[EventType "team"]
[EventRounds "9"]
[EventCountry "GER"]
[SourceTitle "EXT 2006"]
[Source "ChessBase"]
[SourceDate "2005.11.24"]
[SourceVersion "1"]
[SourceVersionDate "2005.11.24"]
[SourceQuality "1"]
[WhiteTeam "Muenster II"]
[BlackTeam "Gronau"]
[WhiteTeamCountry "GER"]
[BlackTeamCountry "GER"]

1. d4 d5 2. Nf3 Nf6 3. c4 c6 4. Nc3 dxc4 5. a4 Bf5 6. e3 e6 7. Bxc4 Bb4 8. 0-0 Nbd7 9. Qe2 Bg6 10. h3 0-0 11. Rd1 Qa5 12. Nh4 Qh5 13. Nxg6 Qxe2 14. Bxe2 hxg6 15. Bf3 Nd5 16. Bd2 Be7 17. a5 a6 18. e4 N5f6 19. Bg5 Rfe8 20. d5 cxd5 21. exd5 exd5 22. Nxd5 Nxd5 23. Bxe7 Rxe7 24. Bxd5 Nf6 25. Bf3 Rc8 26. Rd6 Kf8 27. Rb6 Rcc7 28. Ra4 Nd7 29. Rd6 Rc1+ 30. Kh2 Nc5 31. Rh4 Rc7 32. b4 Ne6 33. Rb6 Nd8 34. Rh8+ Ke7 35. Rg8 Rb1 36. Bd5 Rd1 37. Be4 Rd2 38. Rxg7 Kf8 39. Rbxg6 Re2 40. Bf3 Rxf2 1-0

[Event "Muensterland Verbandsliga 0506"]
[Site "Germany"]
[Date "2005.10.22"]
[Round "3.7"]
[White "Busch, Martin"]
[Black "Bruemmer, Andreas"]
[Result "1-0"]
[WhiteElo "2114"]
[BlackElo "1953"]
[PlyCount "67"]
[EventDate "2005.08.27"]
[EventType "team"]
[EventRounds "9"]
[EventCountry "GER"]
[SourceTitle "EXT 2006"]
[Source "ChessBase"]
[SourceDate "2005.11.24"]
[SourceVersion "1"]
[SourceVersionDate "2005.11.24"]
[SourceQuality "1"]
[WhiteTeam "Muenster II"]
[BlackTeam "Rheine Klein Berlin"]
[WhiteTeamCountry "GER"]
[BlackTeamCountry "GER"]

1. d4 f5 2. g3 Nf6 3. Bg2 g6 4. c4 Bg7 5. Nf3 0-0 6. 0-0 d6 7. Nc3 Nc6 8. d5 Na5 9. Nd2 c5 10. a3 Ng4 11. Qc2 Ne5 12. b3 a6 13. Rb1 Qc7 14. f4 Ng4 15. Nf3 Rb8 16. h3 Nf6 17. a4 b6 18. Kh2 Nb7 19. Bb2 Nd8 20. Rfe1 Nf7 21. Rbd1 e5 22. dxe6 Bxe6 23. Ng5 Nxg5 24. fxg5 Nd7 25. Bd5 Rbe8 26. Bxe6+ Rxe6 27. Nd5 Qd8 28. Bxg7 Kxg7 29. Nf4 Re3 30. Rxd6 Qe7 31. Red1 Nb8 32. h4 Re8 33. R1d2 Rxg3 34. Ne6+ 1-0

[Event "Muensterland Verbandsliga 0405"]
[Site "Muensterland"]
[Date "2004.12.04"]
[Round "4.3"]
[White "Ommen, Tobias"]
[Black "Busch, Martin"]
[Result "1-0"]
[WhiteElo "1953"]
[BlackElo "1990"]
[PlyCount "49"]
[EventDate "2004.09.18"]
[EventType "team"]
[EventRounds "9"]
[EventCountry "GER"]
[SourceTitle "EXT 2006"]
[Source "ChessBase"]
[SourceDate "2005.11.24"]
[SourceVersion "1"]
[SourceVersionDate "2005.11.24"]
[SourceQuality "1"]
[WhiteTeam "Olfen"]
[BlackTeam "Muenster II"]
[WhiteTeamCountry "GER"]
[BlackTeamCountry "GER"]

1. e4 e5 2. Nf3 Nf6 3. Nxe5 d6 4. Nf3 Nxe4 5. Nc3 Nxc3 6. dxc3 Be7 7. Be3 0-0 8. Qd2 Nd7 9. 0-0-0 Nc5 10. h3 Be6 11. Nd4 c6 12. Nxe6 Nxe6 13. Kb1 Qa5 14. g4 Bf6 15. f4 g6 16. f5 Nc5 17. fxg6 fxg6 18. Qxd6 Na4 19. Bc4+ Kh8 20. Bd4 Bg7 21. Bxg7+ Kxg7 22. Qe7+ Kh8 23. Rd7 Nxc3+ 24. bxc3 Qb6+ 25. Bb3 1-0

[Event "Muensterland op 22nd"]
[Site "Senden"]
[Date "2004.10.24"]
[Round "4"]
[White "Busch, Martin"]
[Black "Graelken, Matthias"]
[Result "1/2-1/2"]
[WhiteElo "2096"]
[BlackElo "2178"]
[PlyCount "29"]
[EventDate "2004.10.22"]
[EventType "swiss"]
[EventRounds "9"]
[EventCountry "GER"]
[SourceTitle "EXT 2006"]
[Source "ChessBase"]
[SourceDate "2005.11.24"]
[SourceVersion "1"]
[SourceVersionDate "2005.11.24"]
[SourceQuality "1"]

1. e4 c5 2. Nf3 g6 3. d4 cxd4 4. Nxd4 Nc6 5. c4 Bg7 6. Be3 Nf6 7. Nc3 0-0 8. Be2 b6 9. Nxc6 dxc6 10. e5 Qxd1+ 11. Nxd1 Ng4 12. f4 Nxe3 13. Nxe3 Be6 14. Bf3 Rac8 15. 0-0 1/2-1/2

[Event "Muensterland Verbandsliga 0405"]
[Site "Muensterland"]
[Date "2004.09.18"]
[Round "1.4"]
[White "Duchhardt, Christoph"]
[Black "Busch, Martin"]
[Result "1/2-1/2"]
[WhiteElo "1906"]
[BlackElo "1990"]
[PlyCount "103"]
[EventDate "2004.09.18"]
[EventType "team"]
[EventRounds "9"]
[EventCountry "GER"]
[SourceTitle "EXT 2006"]
[Source "ChessBase"]
[SourceDate "2005.11.24"]
[SourceVersion "1"]
[SourceVersionDate "2005.11.24"]
[SourceQuality "1"]
[WhiteTeam "Muenster III"]
[BlackTeam "Muenster II"]
[WhiteTeamCountry "GER"]
[BlackTeamCountry "GER"]

1. Nf3 d6 2. d4 f5 3. g3 g6 4. Bg2 Bg7 5. c4 Nf6 6. Nc3 0-0 7. 0-0 Qe8 8. d5 Na6 9. Rb1 Nc5 10. Nb5 Qd8 11. Ng5 h6 12. Nh3 e5 13. dxe6 Bxe6 14. Qc2 c6 15. Nd4 Bf7 16. b4 Ne6 17. Nxe6 Bxe6 18. Nf4 Bf7 19. h4 Qe7 20. Bb2 Rae8 21. e3 Ne4 22. Bxg7 Kxg7 23. Rbc1 g5 24. hxg5 hxg5 25. Qb2+ Kh6 26. Ne2 Bh5 27. Nd4 Qf6 28. Rc2 f4 29. exf4 gxf4 30. Re1 f3 31. Bh3 Ng5 32. Nf5+ Qxf5 33. Bxf5 Rxe1+ 34. Kh2 Rxf5 35. Rd2 Nf7 36. Qc3 Bg4 37. Rxd6+ Nxd6 38. Qxe1 Rh5+ 39. Kg1 Nf7 40. Qd2+ Kh7 41. Qd3+ Kg7 42. Qd4+ Ne5 43. Qd8 Bh3 44. Qe8 Nf7 45. Qe4 Bg2 46. Qg4+ Kh6 47. Qe6+ Kg7 48. Qg4+ Rg5 49. Qd7 Re5 50. g4 Re1+ 51. Kh2 Kf6 52. Kg3 1/2-1/2

[Event "Dortmund op-A"]
[Site "Dortmund"]
[Date "2004.07.29"]
[Round "7"]
[White "Busch, Martin"]
[Black "Kuelshammer, Michael"]
[Result "1-0"]
[WhiteElo "2104"]
[BlackElo "1749"]
[PlyCount "39"]
[EventDate "2004.07.??"]
[EventType "swiss"]
[EventRounds "9"]
[EventCountry "GER"]
[SourceTitle "EXT 2006"]
[Source "ChessBase"]
[SourceDate "2005.11.24"]
[SourceVersion "1"]
[SourceVersionDate "2005.11.24"]
[SourceQuality "1"]

1. e4 g6 2. d4 Bg7 3. Nc3 c6 4. Be3 d5 5. f3 dxe4 6. fxe4 Nf6 7. Nf3 Qa5 8. Qd2 Nbd7 9. Bc4 0-0 10. 0-0 Ng4 11. Bg5 e5 12. Be7 Re8 13. Bd6 exd4 14. Qf4 Ndf6 15. e5 Bh6 16. Ng5 Bxg5 17. Qxg5 Nd5 18. Ne4 Be6 19. Bxd5 cxd5 20. Nf6+ 1-0

[Event "Dortmund op-A"]
[Site "Dortmund"]
[Date "2004.07.27"]
[Round "5"]
[White "Bartel, Mario"]
[Black "Busch, Martin"]
[Result "1-0"]
[WhiteElo "2166"]
[BlackElo "2104"]
[PlyCount "111"]
[EventDate "2004.07.??"]
[EventType "swiss"]
[EventRounds "9"]
[EventCountry "GER"]
[SourceTitle "EXT 2006"]
[Source "ChessBase"]
[SourceDate "2005.11.24"]
[SourceVersion "1"]
[SourceVersionDate "2005.11.24"]
[SourceQuality "1"]

1. e4 c5 2. Nf3 Nc6 3. d4 cxd4 4. Nxd4 g6 5. Be3 Bg7 6. Nc3 Nf6 7. Be2 0-0 8. 0-0 d5 9. exd5 Nxd5 10. Nxd5 Nxd4 11. Bxd4 Qxd5 12. Bxg7 Qxd1 13. Rfxd1 Kxg7 14. f4 Be6 15. c4 Rfd8 16. Kf2 Kf6 17. Ke3 b6 18. b4 Rxd1 19. Rxd1 a5 20. a3 axb4 21. axb4 Ra4 22. Rb1 Ra3+ 23. Kd4 Ra2 24. Re1 Ra4 25. b5 Kf5 26. g3 h5 27. Bf1 Kf6 28. Bd3 Kg7 29. Re3 h4 30. Kc3 Ra2 31. Re2 Ra3+ 32. Kd4 Ra4 33. Rc2 Kf8 34. gxh4 Kg7 35. h5 gxh5 36. Rg2+ Kf6 37. Rg5 Bg4 38. h3 Bxh3 39. Rxh5 Be6 40. f5 Bd7 41. Rh6+ Kg5 42. Rxb6 Bxf5 43. Bxf5 Kxf5 44. Rc6 Rb4 45. Rc7 e5+ 46. Kc5 Rb1 47. Rxf7+ Ke6 48. Rf8 Ke7 49. Rf2 Ke6 50. Kc6 e4 51. b6 Ke5 52. b7 Kd4 53. Rf4 Ke5 54. Rf8 e3 55. b8Q+ Rxb8 56. Rxb8 1-0

[Event "Dortmund op-A"]
[Site "Dortmund"]
[Date "2003.08.10"]
[Round "9"]
[White "De Andres Gonalons, Fernando"]
[Black "Busch, Martin"]
[Result "1-0"]
[WhiteElo "2112"]
[BlackElo "1985"]
[PlyCount "67"]
[EventDate "2003.08.01"]
[EventType "swiss"]
[EventRounds "9"]
[EventCountry "GER"]
[SourceTitle "CBM 095 Extra"]
[Source "ChessBase"]
[SourceDate "2003.09.04"]
[SourceVersion "1"]
[SourceVersionDate "2003.09.04"]
[SourceQuality "1"]

1. d4 Nf6 2. c4 g6 3. g3 Bg7 4. Bg2 0-0 5. Nf3 d5 6. cxd5 Nxd5 7. 0-0 Nb6 8. Nc3 Nc6 9. e3 e5 10. d5 Ne7 11. e4 Bg4 12. h3 Bxf3 13. Qxf3 c6 14. Bg5 f6 15. Be3 cxd5 16. exd5 Nc4 17. b3 Nxe3 18. Qxe3 Qa5 19. a3 Rfd8 20. b4 Qa6 21. g4 Rac8 22. Rfd1 f5 23. Bf1 Qb6 24. Qxb6 axb6 25. d6 Nc6 26. Nd5 e4 27. Rac1 Rxd6 28. b5 Bb2 29. bxc6 Rxd5 30. cxb7 Rf8 31. Rc8 Rxd1 32. Rxf8+ Kxf8 33. b8Q+ Kf7 34. Qc7+ 1-0

[Event "Dortmund op-A"]
[Site "Dortmund"]
[Date "2003.08.09"]
[Round "8"]
[White "Busch, Martin"]
[Black "Lubbe, Nikolas"]
[Result "0-1"]
[WhiteElo "1985"]
[BlackElo "2127"]
[PlyCount "92"]
[EventDate "2003.08.01"]
[EventType "swiss"]
[EventRounds "9"]
[EventCountry "GER"]
[SourceTitle "CBM 095 Extra"]
[Source "ChessBase"]
[SourceDate "2003.09.04"]
[SourceVersion "1"]
[SourceVersionDate "2003.09.04"]
[SourceQuality "1"]

1. e4 c5 2. Nf3 Nc6 3. d4 cxd4 4. Nxd4 Nf6 5. Nc3 e5 6. Ndb5 d6 7. Bg5 a6 8. Na3 b5 9. Bxf6 gxf6 10. Nd5 Bg7 11. Bd3 Ne7 12. Nxe7 Qxe7 13. 0-0 0-0 14. c4 f5 15. Qf3 bxc4 16. Nxc4 d5 17. exd5 e4 18. Qe3 Bb7 19. d6 Qf6 20. Bc2 f4 21. Qh3 Rac8 22. b3 Bd5 23. d7 Rc5 24. Rad1 Be6 25. Rd6 Bxh3 26. Rxf6 Bxf6 27. gxh3 Rd5 28. Bxe4 Rxd7 29. Rc1 Rd4 30. Bb7 Rb8 31. Bxa6 Ra8 32. Bb7 Rxa2 33. Rb1 Bh4 34. f3 Bf6 35. Bc6 h6 36. Bb7 Re2 37. Bc6 Rd3 38. Kh1 Bd4 39. h4 Rc3 40. Be4 Be3 41. Ne5 Rc7 42. Bd3 Rd2 43. Bc4 Kg7 44. Re1 h5 45. Bd3 f6 46. Nc4 Rxd3 0-1

[Event "Dortmund op-A"]
[Site "Dortmund"]
[Date "2003.08.06"]
[Round "5"]
[White "Baeumler, Ilja"]
[Black "Busch, Martin"]
[Result "0-1"]
[WhiteElo "2095"]
[BlackElo "1985"]
[PlyCount "142"]
[EventDate "2003.08.01"]
[EventType "swiss"]
[EventRounds "9"]
[EventCountry "GER"]
[SourceTitle "CBM 095 Extra"]
[Source "ChessBase"]
[SourceDate "2003.09.04"]
[SourceVersion "1"]
[SourceVersionDate "2003.09.04"]
[SourceQuality "1"]

1. e4 e5 2. Bc4 Nf6 3. d3 c6 4. Nf3 Be7 5. 0-0 d6 6. c3 0-0 7. a4 Nbd7 8. Be3 d5 9. exd5 cxd5 10. Bb3 Qc7 11. Na3 Nc5 12. Nb5 Qb8 13. Bxc5 Bxc5 14. d4 exd4 15. Nbxd4 Bg4 16. Qd3 Re8 17. Rae1 Qf4 18. Bc2 a6 19. a5 Rxe1 20. Rxe1 Ne4 21. Rf1 Re8 22. Nb3 Ba7 23. Nfd4 Bb8 24. g3 Qh6 25. f3 Bxg3 26. hxg3 Nxg3 27. Qxh7+ Qxh7 28. Bxh7+ Kxh7 29. fxg4 Nxf1 30. Kxf1 b6 31. Kf2 bxa5 32. Nxa5 Re4 33. Kf3 Kg6 34. Nac6 Kg5 35. Ne2 Rxg4 36. Ne5 Ra4 37. Nxf7+ Kf6 38. Nd6 a5 39. Nc8 Ra2 40. b3 Ra3 41. Nb6 Rxb3 42. Nxd5+ Ke5 43. Ne7 a4 44. Nc6+ Kf6 45. Na5 Rb5 46. Nc4 Rb3 47. Nd2 Rb2 48. Nc4 Ra2 49. Nd4 Ra1 50. Nc2 Rc1 51. N4e3 Ke6 52. Ke4 Kd6 53. Kd4 g5 54. Ke4 Kc5 55. Kf3 Rg1 56. Kf2 Rb1 57. Kf3 Rb3 58. Kg4 Rxc3 59. Kxg5 a3 60. Kf4 a2 61. Ke4 Kb5 62. Kd4 Rc8 63. Kd3 Ka4 64. Kd2 Rc7 65. Kd3 Kb3 66. Na1+ Kb2 67. Nec2 Rd7+ 68. Ke2 Rd8 69. Ke1 Rh8 70. Kd1 Rh2 71. Nd4 Rh1+ 0-1

[Event "Muensterland Verbandsklasse-A 0203"]
[Site "Muensterland"]
[Date "2003.03.15"]
[Round "7.6"]
[White "Busch, Martin"]
[Black "Nickel, Christian"]
[Result "1-0"]
[WhiteElo "1905"]
[BlackElo "1736"]
[PlyCount "47"]
[EventDate "2002.09.28"]
[EventType "team"]
[EventRounds "9"]
[EventCountry "GER"]
[SourceTitle "EXT 2004"]
[Source "ChessBase"]
[SourceDate "2003.11.25"]
[SourceVersion "1"]
[SourceVersionDate "2003.11.25"]
[SourceQuality "1"]
[WhiteTeam "Muenster SK III"]
[BlackTeam "Sendenhorst"]
[WhiteTeamCountry "GER"]
[BlackTeamCountry "GER"]

1. d4 e6 2. e4 d5 3. Nc3 Bb4 4. Nge2 dxe4 5. a3 Bxc3+ 6. Nxc3 f5 7. Bc4 Nf6 8. Bg5 c6 9. 0-0 0-0 10. f3 exf3 11. Rxf3 Kh8 12. Qd2 b5 13. Bb3 Na6 14. Re1 Nc7 15. a4 a6 16. Ne2 Qd7 17. Nf4 Ne4 18. Rxe4 Qf7 19. Re5 Bd7 20. Qf2 g6 21. Qh4 Rae8 22. Rg3 Nd5 23. Bxd5 exd5 24. Be7 1-0